000 01382cab a2200229 4500
001 ABS40421
008 090401t1989 xxu||||| |||| 00| 0 eng d
035 _a(Sirsi) u23717
041 _aeng
245 _aYorkshire and Humberside
260 _c1989
350 _a0
490 _aChartered Surveyor Weekly
_vSupplement 16 February 1989, (16) LOAN
520 _aSpecial report on the Yorkshire and Humberside region. Begins with a section on Halifax , which is refurbishing and converting its Victorian mills for today`s workforce. Reviews the office and industrial market s in Leeds , Sheffield and Hull . Indicates the new uses which Hull has found for its waterfront and examines how Barnsley and Rotherham are adapting to the decline in the coal industry by taking advantage of the revival in the steel and heavy engineering industries. Includes profiles of the men in charge of Mountleigh Northern Developments, Leeds Development Corporation and Leeds City Development Company . Concludes with coverage of out-of-town retail ing, listing schemes under construction, with outline consent and those awaiting the outcome of a public inquiry.
650 _aCALDERDALE INHERITANCE PROJECT
650 _aJOINT VENTURES
650 _aM62
650 _aMEADOWHALL
690 _aPROPERTY-COMMERCIAL PROPERTY-COMMERCIAL PROPERTY MARKET
942 _n0
948 _c04/03/1997
999 _c15878
_d15878